[Event "M.Chigorin Memorial 2014"]
[Site "St. Petersburg"]
[Date "2014.10.26"]
[Round "9.25"]
[White "Kukhmazov, Arsen"]
[Black "Gabrielian, Artur"]
[Result "0-1"]
[WhiteElo "2351"]
[BlackElo "2557"]
[PlyCount "99"]
[EventDate "2014.10.18"]

1. d4 Nf6 2. c4 e6 3. Nf3 c5 4. d5 d6 5. Nc3 g6 6. Bf4 e5 7. Bg5 h6 8. Bxf6
Qxf6 9. Nd2 Qd8 10. e3 Be7 11. Bd3 Nd7 12. O-O f5 13. f3 h5 14. Bc2 Nf6 15. a3
O-O 16. Qe2 a5 17. Rab1 Kg7 18. b4 axb4 19. axb4 cxb4 20. Rxb4 h4 21. Na4 Nd7
22. f4 exf4 23. exf4 Bf6 24. Nf3 Re8 25. Qf2 Qa5 26. Rfb1 Qa7 27. Nb6 Nxb6 28.
Rxb6 Qa3 29. R6b3 Qc5 30. Qxc5 dxc5 31. Kf1 Ra2 32. Re1 Rxe1+ 33. Nxe1 h3 34.
Rxh3 Bd7 35. Rb3 b5 36. cxb5 c4 37. Rb1 Bc8 38. Rb4 Bb7 39. Rxc4 Bxd5 40. Rc7+
Kh6 41. h3 Bd4 42. g4 fxg4 43. hxg4 Bb6 44. Rd7 Bc4+ 45. Kg2 Ba5 46. Kf3 Bg8
47. b6 Ra3+ 48. Nd3 Bxb6 49. g5+ Kh5 50. Rg7 {Mobile phone.} 0-1

[Event "M.Chigorin Memorial 2014"]
[Site "St. Petersburg"]
[Date "2014.10.26"]
[Round "9.26"]
[White "Lalith, Babu M.R"]
[Black "Guseva, Marina"]
[Result "1-0"]
[WhiteElo "2547"]
[BlackElo "2364"]
[PlyCount "44"]
[EventDate "2014.10.18"]

1. d4 d5 2. Nf3 Nf6 3. c4 c6 4. Nc3 e6 5. Qb3 dxc4 6. Qxc4 b5 7. Qd3 Nbd7 8. a3
b4 9. axb4 Bxb4 10. g3 c5 11. Bg2 Bb7 12. O-O O-O 13. Be3 a5 14. Rfc1 Qe7 15.
Na2 Be4 16. Qd1 Nd5 17. Bg5 f6 18. Bd2 Bxd2 19. Qxd2 Rfc8 20. Nc3 Nxc3 21. Rxc3
Nb6 22. Qe3 cxd4 1-0

[Event "M.Chigorin Memorial 2014"]
[Site "St. Petersburg"]
[Date "2014.10.26"]
[Round "9.28"]
[White "Sargissyan, Sargis"]
[Black "Prizant, Jaroslav"]
[Result "0-1"]
[WhiteElo "2284"]
[BlackElo "2511"]
[PlyCount "64"]
[EventDate "2014.10.18"]

1. e4 e5 2. Nc3 Nc6 3. Nf3 g6 4. d4 exd4 5. Nd5 Bg7 6. Bg5 Nce7 7. Nxd4 c6 8.
Nxe7 Nxe7 9. Qd2 h6 10. Bh4 d5 11. exd5 g5 12. Bg3 Qxd5 13. c3 O-O 14. Nb3 a5
15. O-O-O a4 16. c4 Qxd2+ 17. Nxd2 a3 18. bxa3 Rxa3 19. Nb1 Rxa2 20. Bd6 Bb2+
21. Kc2 Be5+ 22. Kb3 Rb2+ 23. Ka3 Rxb1 24. Rxb1 Bxd6+ 25. Kb3 Nf5 26. Bd3 Nd4+
27. Kc3 Be5 28. Kd2 Rd8 29. Rhe1 f6 30. h4 Ne6 31. Kc2 Nc5 32. Bg6 Rd4 0-1

[Event "M.Chigorin Memorial 2014"]
[Site "St. Petersburg"]
[Date "2014.10.26"]
[Round "9.29"]
[White "Kowsarinia, Amir"]
[Black "Malakhov, Igor"]
[Result "0-1"]
[WhiteElo "2331"]
[BlackElo "2441"]
[PlyCount "74"]
[EventDate "2014.10.18"]

1. d4 Nf6 2. c4 e6 3. Nf3 d5 4. Nc3 Be7 5. Bg5 O-O 6. e3 h6 7. Bh4 Ne4 8. Bxe7
Qxe7 9. Rc1 c6 10. Bd3 Nxc3 11. Rxc3 dxc4 12. Bxc4 Nd7 13. O-O b6 14. Bd3 Bb7
15. Be4 Rac8 16. Qa4 b5 17. Qxa7 Rc7 18. Qa5 Nf6 19. Nd2 Ra8 20. Qb6 Rxa2 21.
Rb1 e5 22. f3 exd4 23. exd4 Rd7 24. Rc2 Qb4 25. d5 cxd5 26. Bd3 Ra8 27. Qxb5
Qd4+ 28. Kh1 Re7 29. Nb3 Qh4 30. Re2 Rae8 31. Rxe7 Rxe7 32. Qa5 g6 33. g3 Qg5
34. Re1 Re3 35. Rxe3 Qxe3 36. Qd2 Qxf3+ 37. Kg1 d4 0-1

[Event "M.Chigorin Memorial 2014"]
[Site "St. Petersburg"]
[Date "2014.10.26"]
[Round "9.30"]
[White "Iljiushenok, Ilia"]
[Black "Akhmetov, Ayan"]
[Result "1-0"]
[WhiteElo "2433"]
[BlackElo "2351"]
[PlyCount "67"]
[EventDate "2014.10.18"]

1. e4 e6 2. d4 d5 3. e5 c5 4. c3 Nc6 5. Nf3 Bd7 6. Be2 Rc8 7. O-O a6 8. a3 Nge7
9. dxc5 Ng6 10. Be3 Ncxe5 11. Nxe5 Nxe5 12. b4 Be7 13. Nd2 O-O 14. f4 Nc6 15.
Nf3 Bf6 16. Bd4 Re8 17. Bd3 g6 18. Qe1 Bg7 19. Bxg7 Kxg7 20. Qg3 Ne7 21. Nd4
Ra8 22. Rae1 b6 23. f5 exf5 24. Qd6 bxc5 25. bxc5 Ba4 26. Re5 Ra7 27. Rfe1 Nc8
28. Rxe8 Qxe8 29. Nxf5+ gxf5 30. Qg3+ Kf8 31. Rxe8+ Bxe8 32. Bxf5 Ne7 33. Bxh7
Rb7 34. Bd3 1-0

[Event "M.Chigorin Memorial 2014"]
[Site "St. Petersburg"]
[Date "2014.10.26"]
[Round "9.31"]
[White "Gochelashvili, David"]
[Black "Solovyov, Viktor"]
[Result "1-0"]
[WhiteElo "2427"]
[BlackElo "2266"]
[PlyCount "71"]
[EventDate "2014.10.18"]

1. c4 Nf6 2. Nc3 c5 3. g3 e6 4. Nf3 b6 5. Bg2 Bb7 6. O-O Be7 7. b3 O-O 8. Bb2
d5 9. cxd5 exd5 10. d4 Na6 11. e3 Nc7 12. Rc1 Ne6 13. Re1 Re8 14. Re2 Rc8 15.
Rd2 Qc7 16. Nb5 Qb8 17. dxc5 Ne4 18. Rdc2 bxc5 19. Ne5 Nf6 20. Ng4 Nxg4 21.
Qxg4 d4 22. Na3 Bxg2 23. Kxg2 dxe3 24. fxe3 Rcd8 25. Rf1 Qb7+ 26. Kg1 Qd5 27.
Rcf2 h5 28. Qh3 Bg5 29. Nc4 f6 30. Bc1 Nf8 31. Qxh5 Bxe3 32. Qxd5+ Rxd5 33.
Bxe3 Ng6 34. Rd2 Rh5 35. Rfd1 Kh7 36. Rd5 1-0

[Event "M.Chigorin Memorial 2014"]
[Site "St. Petersburg"]
[Date "2014.10.26"]
[Round "9.32"]
[White "Smirnov, Pavel"]
[Black "Schekachikhin, Maksim"]
[Result "1-0"]
[WhiteElo "2611"]
[BlackElo "2233"]
[PlyCount "51"]
[EventDate "2014.10.18"]

1. d4 Nf6 2. c4 e6 3. Nc3 Bb4 4. g3 c5 5. Nf3 cxd4 6. Nxd4 O-O 7. Bg2 d5 8. Qb3
Bxc3+ 9. bxc3 dxc4 10. Qa3 Qb6 11. O-O Qa6 12. Rd1 Rd8 13. Qxa6 Nxa6 14. Ba3
Nd5 15. Nf5 Bd7 16. Ne7+ Kh8 17. Nxd5 Ba4 18. Rdb1 exd5 19. Rxb7 Kg8 20. Re7
Bc6 21. Rd1 Rac8 22. Rxa7 Nc7 23. Bb4 Nb5 24. Ra6 Ba8 25. Ba5 Re8 26. Bxd5 1-0

[Event "M.Chigorin Memorial 2014"]
[Site "St. Petersburg"]
[Date "2014.10.26"]
[Round "9.33"]
[White "Golubov, Saveliy"]
[Black "Sivuk, Vitaly"]
[Result "1/2-1/2"]
[WhiteElo "2347"]
[BlackElo "2523"]
[PlyCount "115"]
[EventDate "2014.10.18"]

1. e4 c5 2. Nf3 Nc6 3. d4 cxd4 4. Nxd4 Nf6 5. Nc3 d6 6. Bg5 e6 7. Qd2 a6 8.
O-O-O h6 9. Be3 Be7 10. f3 Nxd4 11. Bxd4 b5 12. Kb1 Rb8 13. e5 dxe5 14. Bxe5
Qxd2 15. Rxd2 Rb7 16. Bd3 O-O 17. Ne4 Nd5 18. Nd6 Bxd6 19. Bxd6 Rd8 20. Bg3
Rbd7 21. Re1 Nb4 22. Red1 Rd5 23. a3 Nxd3 24. Rxd3 Bb7 25. Rxd5 Bxd5 26. b3 Rc8
27. Kb2 g5 28. h4 Kh7 29. hxg5 hxg5 30. Rd2 Kg6 31. Be5 f6 32. Bg3 Kf5 33. Bd6
Rc6 34. Bh2 Rc8 35. Bd6 Kg6 36. Rd4 Bc6 37. Rd3 e5 38. Rc3 Kf5 39. Kc1 Kf4 40.
Be7 f5 41. Kd2 g4 42. fxg4 Kxg4 43. Bd6 f4 44. Bxe5 Rd8+ 45. Rd3 Re8 46. Bc7
Bxg2 47. Rd8 Re4 48. Rg8+ Kf3 49. Rf8 Bh3 50. c4 Be6 51. cxb5 axb5 52. Rxf4+
Rxf4 53. Bxf4 Kxf4 54. Kc3 Ke5 55. Kb4 Bd7 56. a4 bxa4 57. bxa4 Bxa4 58. Kxa4
1/2-1/2

[Event "M.Chigorin Memorial 2014"]
[Site "St. Petersburg"]
[Date "2014.10.26"]
[Round "9.34"]
[White "Chekhov, Sergei"]
[Black "Demianjuk, Alexander"]
[Result "1-0"]
[WhiteElo "2474"]
[BlackElo "2342"]
[PlyCount "71"]
[EventDate "2014.10.18"]

1. e4 c5 2. Nf3 d6 3. d4 cxd4 4. Nxd4 Nf6 5. Bc4 e6 6. Nc3 a6 7. Bb3 Nbd7 8. g4
Nc5 9. Qe2 h6 10. f3 b5 11. Be3 b4 12. Nd1 Bb7 13. Nf2 d5 14. e5 Nfd7 15. Nd3
Nxd3+ 16. cxd3 Be7 17. f4 Nc5 18. Rc1 Nxb3 19. axb3 Bh4+ 20. Kd2 O-O 21. g5
hxg5 22. Rhg1 Rc8 23. Rxc8 Bxc8 24. fxg5 Qa5 25. Rg4 Qa1 26. Rxh4 Qxb2+ 27. Ke1
Qxe2+ 28. Nxe2 a5 29. Bb6 Ba6 30. Kd2 Ra8 31. Bxa5 Bxd3 32. Kxd3 Rxa5 33. Rxb4
Kh7 34. Nf4 Ra1 35. g6+ fxg6 36. Nxe6 1-0

[Event "M.Chigorin Memorial 2014"]
[Site "St. Petersburg"]
[Date "2014.10.26"]
[Round "9.35"]
[White "Biriukov, Oleg V"]
[Black "Matinian, Nikita"]
[Result "0-1"]
[WhiteElo "2327"]
[BlackElo "2470"]
[PlyCount "70"]
[EventDate "2014.10.18"]

1. d4 d6 2. Nf3 g6 3. c4 Bg7 4. Nc3 Bg4 5. e3 Nc6 6. Be2 Nf6 7. h3 Bxf3 8. Bxf3
O-O 9. O-O Nd7 10. Rb1 e5 11. d5 Ne7 12. e4 f5 13. h4 Nf6 14. h5 Nxh5 15. Bxh5
gxh5 16. Qxh5 f4 17. Rd1 Rf6 18. Rd3 Rh6 19. Qg4 Rg6 20. Qh5 Kh8 21. Rh3 Qg8
22. Kf1 Bf6 23. Bd2 Rf8 24. Nb5 Rf7 25. Nxc7 Rxg2 26. Rh1 Nf5 27. exf5 Rxc7 28.
b3 Rg5 29. Qh6 Rxf5 30. Bb4 f3 31. Bxd6 Qg2+ 32. Ke1 Rg7 33. Bc5 Bg5 34. Qh3 b6
35. Bf8 Rxf8 0-1

[Event "M.Chigorin Memorial 2014"]
[Site "St. Petersburg"]
[Date "2014.10.26"]
[Round "9.36"]
[White "Mishuchkov, Nikolai M"]
[Black "Gordievsky, Dmitry"]
[Result "0-1"]
[WhiteElo "2310"]
[BlackElo "2455"]
[PlyCount "98"]
[EventDate "2014.10.18"]

1. Nf3 Nf6 2. c4 c5 3. Nc3 e6 4. g3 b6 5. Bg2 Bb7 6. O-O Be7 7. Re1 d6 8. e4 a6
9. d4 cxd4 10. Nxd4 Qc7 11. Be3 Nbd7 12. Rc1 Rc8 13. f4 Qb8 14. b3 Qa8 15. Bf2
O-O 16. g4 Nc5 17. Qe2 g6 18. b4 Ncd7 19. Nb3 e5 20. Nd5 Nxd5 21. exd5 Rfe8 22.
f5 gxf5 23. gxf5 Kh8 24. f6 Bxf6 25. Bh3 Rg8+ 26. Bg3 Rc7 27. Rf1 Qd8 28. Rcd1
Nf8 29. Kh1 Bh4 30. Rf3 Bxg3 31. hxg3 Qg5 32. Nd2 Qh5 33. Qh2 b5 34. Bf5 Qxh2+
35. Kxh2 bxc4 36. Ne4 Ne6 37. dxe6 fxe6 38. Bxe6 Bxe4 39. Rc3 d5 40. Bxg8 Kxg8
41. Re1 Bg6 42. Rxe5 d4 43. Rc1 c3 44. Rc5 Rxc5 45. bxc5 d3 46. c6 d2 47. c7
dxc1=Q 48. c8=Q+ Kg7 49. Qc7+ Kh6 0-1

[Event "M.Chigorin Memorial 2014"]
[Site "St. Petersburg"]
[Date "2014.10.26"]
[Round "9.37"]
[White "Krapivin, Alexander"]
[Black "Timerkhanov, Alexander"]
[Result "1/2-1/2"]
[WhiteElo "2442"]
[BlackElo "2324"]
[PlyCount "137"]
[EventDate "2014.10.18"]

1. e4 c5 2. Nc3 Nc6 3. g3 g6 4. Bg2 Bg7 5. d3 d6 6. Be3 Rb8 7. Qd2 b5 8. a3 a5
9. Nge2 b4 10. Nd1 e6 11. O-O Nd4 12. Bxd4 cxd4 13. b3 Ne7 14. Nb2 O-O 15. Nc4
d5 16. exd5 Nxd5 17. Nf4 Nc3 18. Ne2 Nd5 19. Nf4 Nc3 20. axb4 axb4 21. Ne2 Nd5
22. Nf4 Nc3 23. Na5 Rb5 24. Nc6 Qf6 25. Ne2 Qg5 26. f4 Qc5 27. Nxc3 dxc3+ 28.
Qf2 Qd6 29. Kh1 Bb7 30. Na5 Bd4 31. Qe2 Bd5 32. Nc4 Qc5 33. Ra4 Bxc4 34. dxc4
Ra5 35. Rxa5 Qxa5 36. g4 Qd8 37. f5 exf5 38. gxf5 Re8 39. Qg4 h5 40. Qf3 Re3
41. Qb7 g5 42. f6 Bxf6 43. c5 Kg7 44. c6 Re7 45. Qxb4 Qd2 46. Qc5 Re5 47. Qc4
Re2 48. Qd5 Re1 49. Qf5 Rxf1+ 50. Bxf1 Qd6 51. Qe4 Qe5 52. Qe2 Qf4 53. c7 Qxc7
54. Qxh5 Qf4 55. Bd3 Be5 56. Qe2 Bd6 57. Kg1 Bc5+ 58. Kg2 Qd4 59. Kh3 Qh4+ 60.
Kg2 Qd4 61. Kh3 Qh4+ 62. Kg2 Bd6 63. Kg1 Qf4 64. Qf2 Qe5 65. Kf1 Qxh2 66. Qxh2
Bxh2 67. Kg2 Bd6 68. Kf3 Kf6 69. Kg4 1/2-1/2

[Event "M.Chigorin Memorial 2014"]
[Site "St. Petersburg"]
[Date "2014.10.26"]
[Round "9.38"]
[White "Munguntuul, Batkhuyag"]
[Black "Loskutov, Sviatoslav"]
[Result "1-0"]
[WhiteElo "2433"]
[BlackElo "2302"]
[PlyCount "39"]
[EventDate "2014.10.18"]

1. e4 e6 2. d4 d5 3. Nc3 Bb4 4. e5 c5 5. Bd2 a6 6. a3 Bxc3 7. Bxc3 cxd4 8. Qxd4
Ne7 9. Nf3 Nbc6 10. Qg4 Nf5 11. Bd3 g6 12. O-O-O Qb6 13. Bxf5 exf5 14. Qh4 Be6
15. Qf6 Rg8 16. Ng5 d4 17. Nxf7 Kd7 18. Ng5 Rge8 19. Nxe6 Rxe6 20. Qf7+ 1-0

[Event "M.Chigorin Memorial 2014"]
[Site "St. Petersburg"]
[Date "2014.10.26"]
[Round "9.39"]
[White "Rjabzev, Konstantin"]
[Black "Petrosyan, Tigran S"]
[Result "0-1"]
[WhiteElo "2310"]
[BlackElo "2426"]
[PlyCount "120"]
[EventDate "2014.10.18"]

1. e4 e5 2. Nf3 Nc6 3. Bb5 a6 4. Ba4 Nf6 5. O-O Be7 6. Re1 b5 7. Bb3 O-O 8. h3
Bb7 9. c3 d5 10. d3 dxe4 11. dxe4 Qxd1 12. Bxd1 Nd7 13. Nbd2 Nc5 14. Nb3 Nd3
15. Re3 Rfd8 16. Bc2 Nxc1 17. Rxc1 Rd7 18. Rd1 Rxd1+ 19. Bxd1 a5 20. Rd3 a4 21.
Nbd2 Bd6 22. b4 axb3 23. Bxb3 h6 24. Nh4 Na5 25. Bd5 g6 26. Nhf3 Kf8 27. Nb3
Nc6 28. Rd2 Ke7 29. Nh2 Na5 30. Bxb7 Nxb7 31. Ng4 h5 32. Ne3 c6 33. c4 b4 34.
Rb2 Nc5 35. Nxc5 Bxc5 36. Nc2 Ra4 37. Kf1 Ke6 38. Ne1 Bd4 39. Rc2 f5 40. exf5+
gxf5 41. Nd3 e4 42. Nc1 Ke5 43. Nb3 Bc3 44. Nc5 Ra7 45. Nb3 f4 46. f3 e3 47.
Ke2 Ra8 48. Kd3 Kf5 49. h4 Bf6 50. c5 Bc3 51. Ke2 Bf6 52. Nc1 Bxh4 53. Nd3 Ra4
54. Kf1 Bf6 55. Nc1 Bc3 56. Ne2 Ra3 57. g3 fxg3 58. Nxg3+ Kf4 59. Kg2 Ke5 60.
Nxh5 Kd4 0-1

[Event "M.Chigorin Memorial 2014"]
[Site "St. Petersburg"]
[Date "2014.10.26"]
[Round "9.40"]
[White "Tunik, Gennady"]
[Black "Polyaninov, Aleksey"]
[Result "1-0"]
[WhiteElo "2417"]
[BlackElo "2295"]
[PlyCount "127"]
[EventDate "2014.10.18"]

1. d4 Nf6 2. c4 c5 3. d5 g6 4. Nc3 Bg7 5. e4 O-O 6. Nf3 d6 7. Be2 e6 8. O-O Re8
9. Nd2 Na6 10. Re1 Nc7 11. a4 b6 12. a5 bxa5 13. Nb3 exd5 14. exd5 Na6 15. Nxa5
Nb4 16. Nc6 Qb6 17. Nb5 Bd7 18. Bf4 Nxc6 19. dxc6 Bxc6 20. Nxd6 Red8 21. Qc2 a6
22. Rad1 Rd7 23. Be5 Ne8 24. Bxg7 Kxg7 25. Nxe8+ Rxe8 26. Rxd7 Bxd7 27. Rd1 Ba4
28. Qc3+ Qf6 29. Qxf6+ Kxf6 30. Rd2 Re6 31. Kf1 Bc6 32. Bg4 Re4 33. Rd6+ Ke7
34. Rxc6 Rxg4 35. Rxc5 Kd6 36. Rd5+ Kc6 37. b3 Re4 38. g3 Re7 39. Ra5 Kb6 40.
b4 Re4 41. c5+ Kb7 42. b5 axb5 43. Rxb5+ Kc6 44. Rb6+ Kxc5 45. Rb7 f5 46. Rxh7
Kd5 47. Rg7 Re6 48. f4 Ke4 49. Kg2 Ra6 50. Re7+ Kd5 51. Kh3 Ra2 52. Rg7 Ke4 53.
Rxg6 Kf3 54. Rb6 Ra8 55. Kh4 Rh8+ 56. Kg5 Rxh2 57. Kxf5 Rh5+ 58. Kg6 Kg4 59.
Re6 Rh8 60. Kg7 Ra8 61. Rg6+ Kf5 62. Rg5+ Ke6 63. Re5+ Kd6 64. Re3 1-0

[Event "M.Chigorin Memorial 2014"]
[Site "St. Petersburg"]
[Date "2014.10.26"]
[Round "9.41"]
[White "Popov, Kirill"]
[Black "Sarana, Alexey"]
[Result "0-1"]
[WhiteElo "2303"]
[BlackElo "2416"]
[PlyCount "94"]
[EventDate "2014.10.18"]

1. e4 d6 2. d4 Nf6 3. Nc3 Nbd7 4. Nf3 e5 5. Bc4 Be7 6. O-O O-O 7. Re1 a6 8. a4
b6 9. Bg5 Bb7 10. dxe5 dxe5 11. Bxf6 Bxf6 12. Nd5 Be7 13. Qe2 c6 14. Nxe7+ Qxe7
15. c3 h6 16. Red1 Rfd8 17. h3 b5 18. Bb3 Nc5 19. Bc2 Qc7 20. Nh4 Kh7 21. Nf5
Ne6 22. Bb3 Nf4 23. Qf1 c5 24. Bc2 c4 25. axb5 axb5 26. Rxa8 Bxa8 27. Ne3 g6
28. Rxd8 Qxd8 29. Qd1 Qxd1+ 30. Nxd1 Ne6 31. f3 Nc5 32. Ne3 Kg7 33. Nf1 Bc6 34.
Nd2 Bd7 35. b3 cxb3 36. Bxb3 Na4 37. Nb1 f5 38. exf5 gxf5 39. g4 Kf6 40. Bc2
Kg5 41. Kf2 Kf4 42. Bxf5 Bxf5 43. gxf5 Kxf5 44. Ke3 Nb6 45. c4 Nxc4+ 46. Kd3
Kf4 47. Nc3 Nd6 0-1

[Event "M.Chigorin Memorial 2014"]
[Site "St. Petersburg"]
[Date "2014.10.26"]
[Round "9.42"]
[White "Dzhumagaliev, Yan"]
[Black "Samdanov, Samdan"]
[Result "1/2-1/2"]
[WhiteElo "2415"]
[BlackElo "2278"]
[PlyCount "173"]
[EventDate "2014.10.18"]

1. Nf3 g6 2. c4 Bg7 3. Nc3 e5 4. h4 f5 5. d3 h6 6. d4 e4 7. Ne5 Ne7 8. c5 d6 9.
cxd6 cxd6 10. Qa4+ Kf8 11. Nc4 d5 12. Ne5 Nbc6 13. Nxc6 Nxc6 14. e3 Be6 15. Bb5
Ne7 16. g3 Kf7 17. Bd2 Qd6 18. Be2 Rhc8 19. O-O a6 20. Rfc1 Nc6 21. a3 f4 22.
gxf4 Qd8 23. Kg2 Qxh4 24. Rh1 Qd8 25. Rag1 Ne7 26. Qb3 Rab8 27. Na4 b5 28. Nc5
Rxc5 29. dxc5 d4 30. Qd1 d3 31. Bg4 Nf5 32. b4 h5 33. Bxh5 gxh5 34. Qxh5+ Kf8
35. Kf1 Qe8 36. Rg6 Qf7 37. Qg5 Ne7 38. Rgh6 Ng8 39. Rh7 Qf6 40. Qg3 Rc8 41.
Rg1 Qa1+ 42. Kg2 Qf6 43. Kh2 Rc7 44. f3 Bf5 45. Rh5 exf3 46. Qxf3 Re7 47. Bc3
Be4 48. Qxe4 Rxe4 49. Bxf6 Nxf6 50. Rhg5 Re7 51. Rd1 Rxe3 52. c6 Ne8 53. Rd5
Bh6 54. R1xd3 Bxf4+ 55. Kg2 Rxd3 56. Rxd3 Ke7 57. Rd7+ Ke6 58. Kf3 Bd6 59. Ke3
Kd5 60. Rd8 Nc7 61. Kd3 Kxc6 62. Kc3 Nd5+ 63. Kb3 Nb6 64. Rg8 Nc4 65. Rg6 Kd5
66. Rg5+ Ke4 67. a4 Nd2+ 68. Kc3 Nf3 69. Rg6 Kd5 70. axb5 axb5 71. Rh6 Nd4 72.
Rxd6+ Kxd6 73. Kxd4 Kc6 74. Ke5 Kc7 75. Kd5 Kb6 76. Kd6 Kb7 77. Kc5 Ka6 78. Kc6
Ka7 79. Kxb5 Kb7 80. Kc5 Kc7 81. b5 Kb7 82. b6 Kb8 83. Kb5 Kb7 84. Ka5 Kb8 85.
Ka6 Ka8 86. b7+ Kb8 87. Kb6 1/2-1/2

[Event "M.Chigorin Memorial 2014"]
[Site "St. Petersburg"]
[Date "2014.10.26"]
[Round "9.43"]
[White "Khanin, Semen"]
[Black "Caprio, Guido"]
[Result "1/2-1/2"]
[WhiteElo "2292"]
[BlackElo "2412"]
[PlyCount "66"]
[EventDate "2014.10.18"]

1. e4 Nc6 2. Nf3 d6 3. d4 Nf6 4. Nc3 g6 5. h3 Bg7 6. Be2 O-O 7. O-O e5 8. Be3
exd4 9. Nxd4 Re8 10. Nxc6 bxc6 11. Bf3 Nd7 12. Qd2 Ba6 13. Rfe1 Qb8 14. Rab1
Qb4 15. a3 Qa5 16. Bg4 Nb6 17. Bd4 Nc4 18. Qd1 Bxd4 19. Qxd4 Ne5 20. Be2 Bxe2
21. Rxe2 Qb6 22. Qxb6 axb6 23. a4 f5 24. f4 Nd7 25. Rbe1 fxe4 26. Rxe4 Rxe4 27.
Rxe4 Kf7 28. b3 Nc5 29. Re2 Ne6 30. Kh2 Re8 31. Rd2 Nc5 32. Re2 Ne6 33. Kg3 d5
1/2-1/2

[Event "M.Chigorin Memorial 2014"]
[Site "St. Petersburg"]
[Date "2014.10.26"]
[Round "9.44"]
[White "Wallace, John Paul"]
[Black "Guzenko, Artem"]
[Result "1/2-1/2"]
[WhiteElo "2408"]
[BlackElo "2258"]
[PlyCount "87"]
[EventDate "2014.10.18"]

1. e4 c5 2. Nf3 e6 3. d4 cxd4 4. Nxd4 a6 5. Nc3 b5 6. Bd3 Qc7 7. f4 Bb7 8. Qe2
d6 9. a4 b4 10. Na2 Nf6 11. Bd2 Qb6 12. Nb3 Nc6 13. Nac1 a5 14. Be3 Qc7 15. Nd4
Nxd4 16. Bxd4 Be7 17. e5 dxe5 18. fxe5 Nd7 19. Nb3 Bh4+ 20. g3 Bxg3+ 21. hxg3
Bxh1 22. O-O-O Bd5 23. Kb1 h6 24. g4 Rc8 25. Nd2 Ke7 26. Rf1 Nc5 27. Bb5 Kf8
28. Rf2 Kg8 29. Qe3 Qe7 30. b3 h5 31. gxh5 Rxh5 32. Rf4 Qc7 33. Nc4 Bxc4 34.
bxc4 g6 35. Rg4 Nd7 36. Re4 Kg7 37. Kb2 Nc5 38. Rf4 Rh2 39. Rf1 b3 40. Bxc5
Qxc5 41. Qf4 Rh5 42. Qxf7+ Kh6 43. Qf4+ Kh7 44. Qf7+ 1/2-1/2

[Event "M.Chigorin Memorial 2014"]
[Site "St. Petersburg"]
[Date "2014.10.26"]
[Round "9.45"]
[White "Isakov, Andrey"]
[Black "Tsydypov, Zhamsaran"]
[Result "0-1"]
[WhiteElo "2258"]
[BlackElo "2406"]
[PlyCount "74"]
[EventDate "2014.10.18"]

1. e4 c5 2. Nc3 d6 3. Nge2 a6 4. g3 b5 5. Bg2 Bb7 6. d4 cxd4 7. Nxd4 e6 8. O-O
Nf6 9. Re1 Nfd7 10. a4 bxa4 11. Nxa4 Be7 12. b3 O-O 13. Nb2 Ne5 14. f4 Nec6 15.
Nc4 Nxd4 16. Qxd4 Nc6 17. Qb6 Rb8 18. Be3 Qc8 19. Bf2 Rd8 20. Qe3 Nb4 21. Re2
d5 22. Nb6 Qc7 23. exd5 Nxd5 24. Nxd5 Bxd5 25. Bxd5 Rxd5 26. Qa7 Qxa7 27. Bxa7
Rc8 28. Be3 a5 29. Rd2 Bc5 30. Re2 Bxe3+ 31. Rxe3 Rxc2 32. Re5 Rdd2 33. Rexa5
g6 34. h4 Rg2+ 35. Kh1 Rh2+ 36. Kg1 Rcg2+ 37. Kf1 Rb2 0-1

[Event "M.Chigorin Memorial 2014"]
[Site "St. Petersburg"]
[Date "2014.10.26"]
[Round "9.46"]
[White "Siagodnik, Anton"]
[Black "Delemarre, Jop"]
[Result "0-1"]
[WhiteElo "2208"]
[BlackElo "2399"]
[PlyCount "64"]
[EventDate "2014.10.18"]

1. d4 g6 2. Nf3 Bg7 3. e4 d6 4. Bc4 a6 5. c3 Nc6 6. O-O Nf6 7. Qe2 e5 8. dxe5
Nxe5 9. Nxe5 dxe5 10. Be3 Qe7 11. f3 O-O 12. b4 Rd8 13. Nd2 a5 14. a3 Nh5 15.
g3 Bf6 16. Rad1 axb4 17. axb4 Ng7 18. Bc5 Qe8 19. f4 Ne6 20. f5 gxf5 21. Rxf5
Bg7 22. Rdf1 f6 23. Nb3 Kh8 24. Be3 Qg6 25. Bc1 Ng5 26. Bxg5 Bxf5 27. Bxf6 Bh3
28. Bxg7+ Qxg7 29. Rf7 Qh6 30. Qf3 Ra2 31. Bf1 Be6 32. Rf6 Qxh2# 0-1

[Event "M.Chigorin Memorial 2014"]
[Site "St. Petersburg"]
[Date "2014.10.26"]
[Round "9.48"]
[White "Sergienko, Sergey"]
[Black "Bivol, Alina"]
[Result "0-1"]
[WhiteElo "2380"]
[BlackElo "2208"]
[PlyCount "82"]
[EventDate "2014.10.18"]

1. e4 e6 2. d4 d5 3. Nd2 a6 4. Ngf3 c5 5. dxc5 Bxc5 6. Bd3 Ne7 7. O-O Nbc6 8.
exd5 exd5 9. Nb3 Ba7 10. c3 Bg4 11. Re1 f6 12. Be2 O-O 13. Nfd4 Bxe2 14. Nxe2
Qd7 15. Nf4 Ne5 16. Be3 Bxe3 17. Rxe3 Rfe8 18. Qc2 Qg4 19. Nd3 Nf5 20. Rh3 Ng6
21. Qd1 Qxd1+ 22. Rxd1 a5 23. g4 Nh6 24. Rg3 f5 25. f3 f4 26. Rg2 Nf7 27. Nd4
Ng5 28. Re1 Nh4 29. Rxe8+ Rxe8 30. Nxf4 Re1+ 31. Kf2 Nxg2 32. Kxg2 Rb1 33. Nd3
Rd1 34. Nf4 Rd2+ 35. Kg3 Rxb2 36. h4 Nf7 37. Nxd5 Rxa2 38. Kf4 a4 39. Nb4 Rh2
40. Kg3 Rb2 41. Nb5 Rb3 0-1

[Event "M.Chigorin Memorial 2014"]
[Site "St. Petersburg"]
[Date "2014.10.26"]
[Round "9.49"]
[White "Bazeev, German"]
[Black "Pashinsky, Mikhail"]
[Result "1/2-1/2"]
[WhiteElo "2369"]
[BlackElo "2190"]
[PlyCount "83"]
[EventDate "2014.10.18"]

1. d4 d6 2. e4 Nf6 3. Nc3 e5 4. Nge2 Nc6 5. d5 Ne7 6. f3 g6 7. Be3 c6 8. dxc6
bxc6 9. Qd2 d5 10. Bc5 Be6 11. Nc1 Nd7 12. Ba3 Bg7 13. Nb3 O-O 14. Na4 f5 15.
Nac5 Nxc5 16. Nxc5 Bf7 17. O-O-O dxe4 18. fxe4 Qxd2+ 19. Kxd2 Rfd8+ 20. Bd3 Nc8
21. Ke2 Nd6 22. Rhe1 Nb5 23. Bxb5 cxb5 24. Rxd8+ Rxd8 25. Rd1 Bc4+ 26. Ke1
Rxd1+ 27. Kxd1 Bf8 28. exf5 gxf5 29. g3 a5 30. b3 Bf7 31. c3 Bxc5 32. Bxc5 a4
33. bxa4 bxa4 34. a3 Kg7 35. Kd2 Kf6 36. Bd6 Bc4 37. Ke3 Ke6 38. Bb8 Kd5 39.
Bc7 h5 40. Bb8 Bb5 41. Bc7 Bc4 42. Ba5 1/2-1/2

[Event "M.Chigorin Memorial 2014"]
[Site "St. Petersburg"]
[Date "2014.10.26"]
[Round "9.50"]
[White "Nakhbayeva, Guliskhan"]
[Black "Kostyuchenko, Vladimir"]
[Result "1-0"]
[WhiteElo "2365"]
[BlackElo "2169"]
[PlyCount "53"]
[EventDate "2014.10.18"]

1. d4 Nf6 2. c4 e6 3. Nc3 Bb4 4. e3 O-O 5. Bd3 c5 6. Nf3 d5 7. O-O cxd4 8. exd4
dxc4 9. Bxc4 b6 10. Qe2 Bb7 11. Rd1 Bxc3 12. bxc3 Qc7 13. Bd3 Qxc3 14. Bb2 Bxf3
15. Qxf3 Qc6 16. d5 Nxd5 17. Bxh7+ Kxh7 18. Qh5+ Kg8 19. Bxg7 Kxg7 20. Qg5+ Kh8
21. Rd4 Qc2 22. Qh6+ Kg8 23. Rg4+ Qg6 24. Rxg6+ fxg6 25. Qxg6+ Kh8 26. Qh6+ Kg8
27. Qxe6+ 1-0

[Event "M.Chigorin Memorial 2014"]
[Site "St. Petersburg"]
[Date "2014.10.26"]
[Round "9.51"]
[White "Akkozov, Berik"]
[Black "Shemyakin, Valeriy"]
[Result "1-0"]
[WhiteElo "2361"]
[BlackElo "2054"]
[PlyCount "127"]
[EventDate "2014.10.18"]

1. Nf3 Nf6 2. c4 b6 3. g3 Bb7 4. Bg2 e6 5. O-O Be7 6. b3 O-O 7. Bb2 d6 8. d4
Nbd7 9. Nc3 Ne4 10. Qc2 Nxc3 11. Bxc3 f5 12. Rad1 Be4 13. Qb2 Bf6 14. Rfe1 Qe7
15. Bh3 Bb7 16. Nd2 e5 17. d5 Bg5 18. b4 g6 19. Bg2 e4 20. f3 exf3 21. exf3 Qf7
22. Nb3 Bf6 23. Nd4 Rfe8 24. f4 Ba6 25. b5 Bb7 26. Ne6 Bxc3 27. Qxc3 Nc5 28.
Re3 Re7 29. Rde1 Rae8 30. h4 Bc8 31. Nxc5 dxc5 32. Rxe7 Rxe7 33. Rxe7 Qxe7 34.
Qa3 Kf8 35. Qxa7 Ke8 36. Qa3 Kf8 37. Qa7 Ke8 38. Qa3 h6 39. Qc3 h5 40. a4 Bd7
41. Kh2 Kd8 42. a5 bxa5 43. Qa3 Qd6 44. Qxa5 Bc8 45. Bf3 Qf6 46. Qa2 Bd7 47.
Kh3 Bc8 48. Qa5 Bd7 49. Qa8+ Bc8 50. d6 Qxd6 51. Bb7 Qd7 52. Ba6 Qe6 53. Qb8
Qd7 54. b6 cxb6 55. Qxb6+ Qc7 56. Qf6+ Ke8 57. Bb5+ Bd7 58. Qh8+ Ke7 59. Qg7+
Ke8 60. Qxg6+ Ke7 61. Qg7+ Ke8 62. Qh7 Qb7 63. Qxh5+ Kd8 64. Qd1 1-0